Two Days Into Belgium - Statistics

General Stats
  • This quiz has been taken 11 times
  • The average score is 201 of 413
Answer Stats
Hint Answer % Correct
Lyric Be
100%
Lyric Belgium
100%
Lyric Days
100%
Lyric I
100%
Lyric I'm
100%
Lyric In
100%
Lyric Into
100%
Lyric To
100%
Lyric Two
100%
Lyric A
83%
Lyric An
83%
Lyric And
83%
Lyric Back
83%
Lyric Line
83%
Lyric Say
83%
Lyric The
83%
Lyric Britain
67%
Lyric Building
67%
Lyric But
67%
Lyric Call
67%
Lyric Defensive
67%
Lyric Guy
67%
Lyric Him
67%
Lyric It
67%
Lyric Let's
67%
Lyric Move
67%
Lyric My
67%
Lyric Past
67%
Lyric Right
67%
Lyric Says
67%
Lyric So
67%
Lyric There's
67%
Lyric This
67%
Lyric 'Cause
50%
Lyric Doesn't
50%
Lyric Empire's
50%
Lyric Forget
50%
Lyric Go
50%
Lyric Is
50%
Lyric I've
50%
Lyric Just
50%
Lyric Me
50%
Lyric Might
50%
Lyric Might...
50%
Lyric Of
50%
Lyric Only
50%
Lyric Quite
50%
Lyric Really
50%
Lyric Rhine
50%
Lyric Sit
50%
Lyric Soldiers
50%
Lyric Tend
50%
Lyric That
50%
Lyric War
50%
Lyric We
50%
Lyric Will
50%
Lyric With
50%
Lyric Young
50%
Lyric All
33%
Lyric Allies
33%
Lyric At
33%
Lyric Because
33%
Lyric Begun
33%
Lyric Best
33%
Lyric Can't
33%
Lyric Cold
33%
Lyric Crossed
33%
Lyric Doing
33%
Lyric Fight
33%
Lyric Find
33%
Lyric Fire
33%
Lyric Food's
33%
Lyric France
33%
Lyric Front
33%
Lyric Hard
33%
Lyric Has
33%
Lyric His
33%
Lyric Honest
33%
Lyric Honestly
33%
Lyric Honestly,
33%
Lyric If
33%
Lyric Keep
33%
Lyric Know
33%
Lyric Lines
33%
Lyric Match
33%
Lyric Middle
33%
Lyric Mine
33%
Lyric Mire
33%
Lyric Mold
33%
Lyric Naval
33%
Lyric Night
33%
Lyric Not
33%
Lyric See
33%
Lyric Tell
33%
Lyric Throwing
33%
Lyric Time
33%
Lyric Try
33%
Lyric Turned
33%
Lyric Under
33%
Lyric Up
33%
Lyric Wake
33%
Lyric Way,
33%
Lyric Way
33%
Lyric Well
33%
Lyric Yet
33%
Lyric After
17%
Lyric Are
17%
Lyric As
17%
Lyric Austria
17%
Lyric Been
17%
Lyric Bombs
17%
Lyric Called
17%
Lyric Calm
17%
Lyric Crazy
17%
Lyric Done
17%
Lyric Don't
17%
Lyric Each
17%
Lyric Enemy
17%
Lyric Far
17%
Lyric Fightin'
17%
Lyric Figure
17%
Lyric Fine,
17%
Lyric Fine
17%
Lyric French
17%
Lyric Friends
17%
Lyric Got
17%
Lyric Guns
17%
Lyric Have
17%
Lyric Hold
17%
Lyric Hope
17%
Lyric I'll
17%
Lyric Keeps
17%
Lyric Land
17%
Lyric Like
17%
Lyric Maybe
17%
Lyric Mess
17%
Lyric Much
17%
Lyric Must
17%
Lyric Myself
17%
Lyric Need
17%
Lyric Now
17%
Lyric Obey
17%
Lyric Or
17%
Lyric Our
17%
Lyric Out
17%
Lyric Remain
17%
Lyric Russia
17%
Lyric Secret
17%
Lyric Shoot
17%
Lyric Take
17%
Lyric Telling
17%
Lyric They
17%
Lyric Think
17%
Lyric Thoughtlessly
17%
Lyric Told
17%
Lyric Too
17%
Lyric Took
17%
Lyric Trust
17%
Lyric Useless
17%
Lyric Want
17%
Lyric Was
17%
Lyric When
17%
Lyric Where
17%
Lyric Won't
17%
Lyric Wrong
17%
Lyric Above
0%
Lyric "Alright."
0%
Lyric Anyway
0%
Lyric Around,
0%
Lyric Away,
0%
Lyric Battles
0%
Lyric Believe
0%
Lyric Death
0%
Lyric Down,
0%
Lyric Drums
0%
Lyric Easy
0%
Lyric Else
0%
Lyric Everything
0%
Lyric Happen
0%
Lyric Head
0%
Lyric Hell
0%
Lyric Important
0%
Lyric Italy
0%
Lyric It'll
0%
Lyric It's
0%
Lyric Learn
0%
Lyric Living
0%
Lyric Loud
0%
Lyric Meant
0%
Lyric One
0%
Lyric Paris
0%
Lyric Probably
0%
Lyric Rage
0%
Lyric Rest
0%
Lyric "Retreat!"
0%
Lyric Rule
0%
Lyric Ruled
0%
Lyric Said
0%
Lyric Should
0%
Lyric Slow
0%
Lyric Start
0%
Lyric Swell
0%
Lyric That's
0%
Lyric Thing
0%
Lyric War's
0%
No matching quizzes found
Score Distribution
Percent of People with Each Score
Percentile by Number Answered
Your Score History
You have not taken this quiz